A world-monograph of the genera Ascobolus and Saccobolus : (Record no. 141837)
[ view plain ]
| 000 -LEADER | |
|---|---|
| fixed length control field | 00840cam5a220026500 4500 |
| 001 - CONTROL NUMBER | |
| control field | lce00676436 |
| 008 - FIXED-LENGTH DATA ELEMENTS--GENERAL INFORMATION | |
| fixed length control field | 710521s1967 ne f b 000 0 eng |
| 010 ## - LIBRARY OF CONGRESS CONTROL NUMBER | |
| LC control number | 68121217 |
| 015 ## - NATIONAL BIBLIOGRAPHY NUMBER | |
| National bibliography number | NeB67-Nov |
| 035 ## - SYSTEM CONTROL NUMBER | |
| System control number | (Sirsi) r54980 |
| 035 ## - SYSTEM CONTROL NUMBER | |
| System control number | (DLC) 68121217 |
| 035 ## - SYSTEM CONTROL NUMBER | |
| System control number | (UPRA)lce00676436 |
| 040 ## - CATALOGING SOURCE | |
| Modifying agency | UPRA |
| 050 0# - LIBRARY OF CONGRESS CALL NUMBER | |
| Classification number | QK600 |
| Item number | .P42 vol. 1 |
| 082 ## - DEWEY DECIMAL CLASSIFICATION NUMBER | |
| Classification number | 589/.25 |
| 100 1# - MAIN ENTRY--PERSONAL NAME | |
| Personal name | Brummelen, Johannes van. |
| Linkage | A13821.1 |
| 245 12 - TITLE STATEMENT | |
| Title | A world-monograph of the genera Ascobolus and Saccobolus : |
| Remainder of title | (Ascomycetes, Pezizales) / |
| Statement of responsibility, etc. | by J. van Brummelen. |
| 260 ## - PUBLICATION, DISTRIBUTION, ETC. | |
| Place of publication, distribution, etc. | Leiden : |
| Name of publisher, distributor, etc. | Printed by J.J. Green, |
| Date of publication, distribution, etc. | 1967. |
| 490 0# - SERIES STATEMENT | |
| Series statement | Persoonia. Supplement v. 1 |
| Linkage | S3270.1 |
| 504 ## - BIBLIOGRAPHY, ETC. NOTE | |
| Bibliography, etc. note | Bibliography: p. 243-253. |
| 650 #0 - SUBJECT ADDED ENTRY--TOPICAL TERM | |
| Topical term or geographic name entry element | Ascobolus. |
| Linkage | S9440.1 |
| 650 #0 - SUBJECT ADDED ENTRY--TOPICAL TERM | |
| Topical term or geographic name entry element | Saccobolus. |
| Linkage | S9441.1 |
| 949 ## - LOCAL PROCESSING INFORMATION (OCLC) | |
| a | QK600 |
| w | lcc |
| i | -71020 |
| m | MAIN |
| t | BOOK |
| l | ON-SHELF |
No items available.